000 00274nam a22001217a 4500
008 181105b xxu||||| |||| 00| 0 eng d
041 _aeng
080 _a038
100 _a23
101 _aFJA
245 _aThe American College Dictionary
_cBarnahrt, C.L
942 _2udc
_cBK
999 _c51875
_d51875